💯 Most given Baby Girl 👧 names in France 🇫🇷 in 1991 - Statistics

General Stats
  • This quiz has been taken 213 times
  • The average score is 38 of 100
Answer Stats
Order Name % Correct
#5 Marie
90%
#4 Julie
83%
#3 Laura
77%
#37 Léa
77%
#66 Anne
75%
#18 Charlotte
75%
#83 Julia
74%
#16 Amélie
73%
#63 Laure
73%
#12 Sarah
73%
#13 Emilie
71%
#91 Louise
71%
#20 Sophie
70%
#48 Alice
68%
#35 Chloé
68%
#30 Caroline
63%
#60 Juliette
63%
#79 Lisa
63%
#38 Hélène
62%
#8 Camille
61%
#32 Claire
61%
#98 Eva
61%
#96 Clara
60%
#24 Lucie
60%
#27 Jessica
58%
#7 Pauline
58%
#52 Elise
57%
#39 Alexandra
54%
#6 Marion
52%
#21 Céline
51%
#2 Elodie
51%
#29 Jennifer
51%
#1 Marine
50%
#22 Manon
48%
#14 Audrey
47%
#19 Mathilde
47%
#10 Mélanie
46%
#11 Aurélie
45%
#36 Stéphanie
45%
#26 Mélissa
44%
#82 Alicia
43%
#69 Vanessa
43%
#50 Sandra
39%
#44 Estelle
36%
#100 Inès
36%
#74 Océane
36%
#88 Margot
35%
#64 Noémie
35%
#9 Anaïs
34%
#15 Amandine
32%
#40 Clémence
32%
#51 Marina
32%
#92 Agathe
31%
#17 Justine
31%
#95 Clémentine
28%
#34 Coralie
28%
#55 Delphine
28%
#93 Elsa
28%
#62 Ophélie
28%
#47 Cécile
27%
#45 Margaux
27%
#46 Angélique
26%
#41 Sabrina
26%
#85 Samantha
26%
#61 Alexia
25%
#53 Maéva
25%
#94 Aline
24%
#42 Aurore
24%
#86 Christelle
23%
#33 Fanny
23%
#28 Adeline
22%
#70 Célia
21%
#54 Laurie
21%
#97 Mélodie
21%
#49 Virginie
21%
#43 Charlène
20%
#90 Maud
20%
#75 Kelly
19%
#31 Laetitia
19%
#23 Morgane
19%
#58 Sonia
19%
#25 Cindy
18%
#68 Gaëlle
17%
#89 Solène
17%
#71 Emmanuelle
16%
#65 Deborah
15%
#73 Johanna
15%
#99 Tiffany
15%
#84 Alison
14%
#72 Cynthia
14%
#81 Charline
12%
#80 Marjorie
12%
#56 Ludivine
11%
#67 Myriam
11%
#57 Emeline
10%
#77 Floriane
8%
#76 Lucile
8%
#87 Mylène
7%
#78 Anne-Sophie
4%
#59 Gwendoline
4%
No matching quizzes found
Score Distribution
Percent of People with Each Score
Percentile by Number Answered
Your Score History
You have not taken this quiz